Organizational and procedural issues in government / (Record no. 72565)

MARC details
000 -LEADER
fixed length control field 00743nam a22002297a 4500
005 - DATE AND TIME OF LATEST TRANSACTION
control field 20131011161500.0
008 - FIXED-LENGTH DATA ELEMENTS--GENERAL INFORMATION
fixed length control field 130101t xxu||||| |||| 00| 0 eng d
010 ## - LCCN (DPL NO)
LC control number ENG-106499
020 ## - INTERNATIONAL STANDARD BOOK NUMBER
International Standard Book Number 9788121211482
Terms of availability 990.00
035 ## - SYSTEM CONTROL NUMBER
System control number EN-90032
037 ## - SOURCE OF ACQUISITION
Source of stock number/acquisition DBAD/PUB
040 ## - CATALOGING SOURCE
Original cataloging agency DPL
Language of cataloging ENG
082 ## - DEWEY DECIMAL CLASSIFICATION NUMBER
Classification number 351.54
245 ## - TITLE STATEMENT
Title Organizational and procedural issues in government /
Statement of responsibility, etc edited by Ramesh Kumar Tiwari [and] Sujata Singh
260 ## - PUBLICATION, DISTRIBUTION, ETC. (IMPRINT)
Place of publication, distribution, etc New Delhi
Name of publisher, distributor, etc Gyan Publishing House
Date of publication, distribution, etc 2012
270 ## - ADDRESS
Address 23, Main Ansari Road, Daryaganj
City New Delhi
Postal code 110002
300 ## - PHYSICAL DESCRIPTION
Extent 354p.
Dimensions 23cm(Hb)
500 ## - GENERAL NOTE
General note Includes index
700 ## - ADDED ENTRY--PERSONAL NAME
Personal name Tiwari, Ramesh Kumar
9 (RLIN) 54598
700 ## - ADDED ENTRY--PERSONAL NAME
Personal name Singh, Sujata
9 (RLIN) 54599
942 ## - ADDED ENTRY ELEMENTS (KOHA)
Source of classification or shelving scheme Dewey Decimal Classification
Item type English Books
Call number suffix ORG
Classification part 351.54
Holdings
Withdrawn status Lost status Source of classification or shelving scheme Damaged status Not for loan Collection code Home library Current library Date acquired Source of acquisition Cost, normal purchase price Total Checkouts Full call number Barcode Date last seen Copy number Cost, replacement price Koha item type
    Dewey Decimal Classification   Not For Loan Non-fiction D.B.Act.Division D.B.Act.Division 01/01/2013 DBAD/PUB 990.00   351.54 ORG EN-90032 01/01/2013 1 990.00 English Books

© Delhi Public Library
Hit Counter
free hit counter